Ormandan Gelen Ses (Record no. 647503)
[ view plain ]
| 000 -LEADER | |
|---|---|
| sabit uzunluktaki kontrol alanı | 00228nam a2200097Ia 4500 |
| 001 - KONTROL NUMARASI | |
| kontrol alanı | 647503 |
| 005 - EN SON İŞLEMİN TARİH VE ZAMANI | |
| kontrol alanı | 20250826153703.0 |
| 008 - SABİT-UZUNLUKTA VERİ ÖĞELERİ--GENEL BİLGİ | |
| sabit uzunluktaki kontrol alanı | 250824s9999 xx 000 0 und d |
| 245 #0 - ESER / YAZAR | |
| ESER ADI | Ormandan Gelen Ses |
| Yazar Adı | Jack London |
| 260 ## - YAYIN, DAĞITIM, VB. | |
| YAYIN EVİ | ALTIN |
| Düşüm durumu | Kayıp durumu | Hasar Durumu | Ödünç verilmez | Ana kütüphane | Geçerli Kütüphane | Edinilen tarih | Toplam ödünç verme sayısı | Toplam süre uzatma sayısı | Barkod | İade tarihi | Son görüntüleme tarihi | Son ödünç verme tarihi | Fiyatın geçerli olmaya başladığı tarih | Koha materyal türü |
|---|---|---|---|---|---|---|---|---|---|---|---|---|---|---|
| MUSTAFA HOTAMIŞLI İMAM HATİP ORTAOKULU | MUSTAFA HOTAMIŞLI İMAM HATİP ORTAOKULU | 24.08.2025 | 1 | 1 | 100736 | 19.10.2025 | 19.09.2025 | 19.09.2025 | 26.08.2025 | Books |